Анчо (Запис номер 505171)
[ съкратено ]
| 000 -Лидер | |
|---|---|
| Лидер | 01208aaa a2200289 a 4500 |
| 003 - Код на организацията, давaща контролен номер | |
| Код на организацията, даваща контролен номер | BLK |
| 005 - Дата и час на последна редакция | |
| Дата и час на последна редакция | 20240306163004.0 |
| 007 - Фиксирано поле за физическо описани | |
| Физическо описание | ta |
| 008 - Елементи от данни с фиксирана дължина | |
| Елементи с фиксирана дължина | 221104b bu |||||r|||| 00| | bu d |
| 040 ## - Източник на каталожния запис | |
| Код на библиотеката | BLK |
| 041 ## - Код за език | |
| Език | Български |
| Език за КДБФ | Български |
| 080 ## - УДК | |
| УДК текст | България през периода на капитализма |
| УДК код | 94(497.2)"1878/1944" |
| УДК – определител | (092) |
| УДК – код + определител | 94(497.2)"1878/1944"(092) |
| 080 ## - УДК | |
| УДК текст | Биографии - България |
| УДК код | 929(497.2) |
| УДК – код + определител | 929(497.2) |
| 100 ## - Редна дума - Автор | |
| R(LIN) | 491277 |
| Автор | Колчев, Георги |
| 245 ## - Сведения за заглавието | |
| Заглавие | Анчо |
| Подзаглавни данни | Биографична повест |
| Авторска отговорност | Георги Колчев |
| 300 ## - Физическа характеристика | |
| Брой страници | № 150, 31 юли 1981 |
| 520 ## - Забележка за наличие на резюме, анотация и т.н | |
| Анотация, рецензия | Повест за Ангел Гецов. Продължение от бр. 148/29 юли |
| 600 #0 - Име на лице, използвано като предмет | |
| 9 (RLIN) | 491273 |
| За него / За нея | Гецов, Ангел |
| 653 ## - Ключова дума – ненормативна | |
| 9 (RLIN) | 180874 |
| Ключови думи | Ангел Гецов |
| 653 ## - Ключова дума – ненормативна | |
| 9 (RLIN) | 195467 |
| Ключови думи | ремсисти |
| 653 ## - Ключова дума – ненормативна | |
| 9 (RLIN) | 195878 |
| Ключови думи | русенци |
| 653 ## - Ключова дума – ненормативна | |
| 9 (RLIN) | 185385 |
| Ключови думи | документални повести |
| 773 0# - Описание на основна библиографска единица при аналитични записи (многотомни) | |
| Заглавие на източника | Дунавска правда |
| Контролен номер на записа | 291955 |
| Международен стандартен номер на серията ISSN | C613-1425 |
| Място на издаване, издател и година | София ОбК на БКП и др. 1950 |
| Информация за връзката | . // |
| 856 ## - Електронен адрес и достъп | |
| Инструкция (цена за достъп) | 0.00 |
| Права за достъп | disable |
| 942 ## - АРТИКУЛИ | |
| Източник на класификационната схема | Universal Decimal Classification |
| Вид на библиотечния документ | Статия |
| Скрит в OPAC | Не |
| 944 ## - СЪЗДАВАНЕ И РЕДАКЦИЯ на ЗАПИСА | |
| Дата на регистрацията/редакция | Вася Ганчева |
| Служител, извършил регистрацията/редакцията | 30549 |
| Номер на служител | Вася Ганчева |
| Създаване/Редакция | |
| 999 ## - СИСТЕМНИ КОНТРОЛНИ НОМЕРА | |
| Koha biblionumber | 505171 |
| Koha biblioitemnumber | 505171 |
Няма налични копия.